Vịnh Hạ Long
vv
Đã lưu trong:
| Tác giả chính: | |
|---|---|
| Định dạng: | Sách |
| Năm xuất bản: |
Tp. Hồ Chí Minh.
Nxb Trẻ
2003
|
| Chủ đề: | |
| Tags: |
Thêm thẻ
Không có thẻ, Hãy là người đầu tiên gắn thẻ bản ghi này!
|
| LEADER | 00658nam a2200193 4500 | ||
|---|---|---|---|
| 082 | |a 915.9729 |b Th300S | ||
| 100 | |a Thi Sảnh | ||
| 245 | |a Vịnh Hạ Long |c Thi Sảnh | ||
| 260 | |a Tp. Hồ Chí Minh. |b Nxb Trẻ |c 2003 | ||
| 300 | |a 192tr. |c 20cm | ||
| 520 | |a vv | ||
| 653 | |a Điạ lí | ||
| 653 | |a Địa danh | ||
| 653 | |a Vịnh Hại Long | ||
| 653 | |a Di sản Thế giới | ||
| 653 | |a Việt Nam | ||
| 942 | |2 ddc |c SH | ||
| 999 | |c 1320 |d 1320 | ||
| 952 | |0 0 |1 0 |2 ddc |4 0 |6 915_972900000000000_TH300S |7 0 |8 900 |9 24748 |a qbu |b qbu |c D5 |d 2014-12-08 |g 22000 |o 915.9729 Th300S |p 4559.C1 |r 0000-00-00 |w 2014-12-08 |y SH |0 0 |6 915_972900000000000_TH300S |0 0 |6 915_972900000000000_TH300S | ||